Govt. of
Madhya Pradesh

Encyclopaedia of Indian Natural History (Record no. 64787)

MARC details
000 -LEADER
fixed length control field 00282nam a2200109Ia 4500
008 - FIXED-LENGTH DATA ELEMENTS--GENERAL INFORMATION
fixed length control field 221009s9999 xx 000 0 und d
082 ## - DEWEY DECIMAL CLASSIFICATION NUMBER
Classification number 403/HAW
100 ## - MAIN ENTRY--PERSONAL NAME
Personal name Hawkins, R E
9 (RLIN) 5449
245 #0 - TITLE STATEMENT
Title Encyclopaedia of Indian Natural History
260 ## - PUBLICATION, DISTRIBUTION, ETC. (IMPRINT)
Name of publisher, distributor, etc. Oxford University Press
942 ## - ADDED ENTRY ELEMENTS (KOHA)
Koha item type Books

No items available.